Southville International School and Colleges
Your cart is empty.
  • Cart
  • Lists
    Public lists Eva Luna New books Lux_list list_1
    Your lists Log in to create your own lists
  • Log in to your account
  • Your cookies
  • Search history
Southville International School and Colleges
  • Advanced search
  • Recent comments
  • Most popular
  • Libraries

Log in to your account

Log in with GOOGLE


If you do not have an external account, but do have a local account, you can still log in:

  1. Home
  2. MARC view: Nursing process :
Normal view MARC view ISBD view

Nursing process : (Record no. 21274)

[ view plain ]
MARC details
000 -LEADER
fixed length control field 00499nam a2200181 a 4500
005 - DATE AND TIME OF LATEST TRANSACTION
control field 20140310183316.0
008 - FIXED-LENGTH DATA ELEMENTS--GENERAL INFORMATION
fixed length control field 051117s19uu xx 00 eng d
020 ## - INTERNATIONAL STANDARD BOOK NUMBER
International Standard Book Number 9812652159
050 ## - LIBRARY OF CONGRESS CALL NUMBER
Classification number RT 55
Item number .Se42 2005
100 ## - MAIN ENTRY--PERSONAL NAME
Personal name Seaback, Wanda Walker
245 ## - TITLE STATEMENT
Title Nursing process :
Remainder of title concepts and application /
Statement of responsibility, etc Wanda Walker Seaback.
260 ## - PUBLICATION, DISTRIBUTION, ETC. (IMPRINT)
Place of publication, distribution, etc Singapore :
Name of publisher, distributor, etc Delmar Learning,
Date of publication, distribution, etc 2005.
300 ## - PHYSICAL DESCRIPTION
Extent iv, 156 p. :
521 ## - TARGET AUDIENCE NOTE
Target audience note
650 ## - SUBJECT ADDED ENTRY--TOPICAL TERM
Topical term or geographic name as entry element Nursing.
942 ## - ADDED ENTRY ELEMENTS (KOHA)
Koha item type Books
Source of classification or shelving scheme Library of Congress Classification
Call number prefix Foreign
Holdings
Withdrawn status Lost status Source of classification or shelving scheme Damaged status Home library Current library Shelving location Date acquired Total Checkouts Full call number Barcode Date last seen Copy number Price effective from Koha item type
    Library of Congress Classification   College Library College Library General Circulation Section 11/17/2005   RT 55 .Se42 2005 C6455 05/15/2018 1 10/10/2013 Books

Nursing process :

APA

Seaback W. W., . (2005). Nursing process. Singapore: Delmar Learning.

Chicago

Seaback Wanda Walker, . 2005. Nursing process. Singapore: Delmar Learning.

Harvard

Seaback W. W., . (2005). Nursing process. Singapore: Delmar Learning.

MLA

Seaback Wanda Walker, . Nursing process. Singapore: Delmar Learning. 2005.

  • Place hold
  • Print
  • Cite
  • Add to your cart (remove)
  • Save record
    BIBTEX Dublin Core MARCXML MARC (non-Unicode/MARC-8) MARC (Unicode/UTF-8) MARC (Unicode/UTF-8, Standard) MODS (XML) RIS
  • More searches
    Search for this title in:
    Other Libraries (WorldCat) Other Databases (Google Scholar) Online Stores (Bookfinder.com) Open Library (openlibrary.org)

Exporting to Dublin Core...

SOUTHVILLE LIBRARY

Southville International School and Colleges Library

1281 Tropical Ave. Cor. Luxembourg St., BF Homes International, Las Pinas City

Tel. No. 8256374 / 252358 Loc. 117/146

Powered by Koha